header

Physics for Scientists and Engineers (Record no. 264911)

MARC details
000 -LEADER
fixed length control field 00494nam a22001697a 4500
003 - CONTROL NUMBER IDENTIFIER
control field OSt
005 - DATE AND TIME OF LATEST TRANSACTION
control field 20250618082107.0
008 - FIXED-LENGTH DATA ELEMENTS--GENERAL INFORMATION
fixed length control field 250618b |||||||| |||| 00| 0 eng d
020 ## - INTERNATIONAL STANDARD BOOK NUMBER
International Standard Book Number 1572594918
040 ## - CATALOGING SOURCE
Original cataloging agency DLC
Language of cataloging eng
Transcribing agency DLC
Modifying agency RU
Description conventions rda
100 ## - MAIN ENTRY--PERSONAL NAME
Personal name Tipler, Paul A.
245 ## - TITLE STATEMENT
Title Physics for Scientists and Engineers
Statement of responsibility, etc Paul A. Tipler
250 ## - EDITION STATEMENT
Edition statement 4th Edition
Remainder of edition statement advance Edition
260 ## - PUBLICATION, DISTRIBUTION, ETC. (IMPRINT)
Place of publication, distribution, etc Madison Avenue
Name of publisher, distributor, etc W.H Freeman and Company
Date of publication, distribution, etc 1999
300 ## - PHYSICAL DESCRIPTION
Extent xxvii.; 655p
Other physical details ill, col.
942 ## - ADDED ENTRY ELEMENTS (KOHA)
Source of classification or shelving scheme Library of Congress Classification
Koha item type Long Loan Books
Holdings
Withdrawn status Lost status Source of classification or shelving scheme Damaged status Not for loan Collection code Home library Current library Shelving location Date acquired Source of acquisition Full call number Barcode Date last seen Price effective from Koha item type
    Library of Congress Classification     Non-fiction Rongo University Library Rongo University Library General Stacks 18/06/2025 ALP Donation QC21.2 .T549 1999 20156311 18/06/2025 18/06/2025 Long Loan Books

© 2026 Rongo University
Contact us: librarian | system librarian | Rongo university